Towards sustainable agricultural development / (Record no. 563)
[ view plain ]
| 000 -LEADER | |
|---|---|
| fixed length control field | 01225nam a22002897a 4500 |
| 001 - CONTROL NUMBER | |
| control field | BD-DhSAU 563 |
| 003 - CONTROL NUMBER IDENTIFIER | |
| control field | BD-DhSAU |
| 005 - DATE AND TIME OF LATEST TRANSACTION | |
| control field | 20150104221851.0 |
| 008 - FIXED-LENGTH DATA ELEMENTS--GENERAL INFORMATION | |
| fixed length control field | 150104b1991 - a|||| |||| 001 0 eng d |
| 020 ## - INTERNATIONAL STANDARD BOOK NUMBER | |
| International Standard Book Number | 185293137x |
| 040 ## - CATALOGING SOURCE | |
| Transcribing agency | BD-DhSAU |
| 082 ## - DEWEY DECIMAL CLASSIFICATION NUMBER | |
| Edition number | 22 |
| Classification number | 631.54 |
| Item number | TOW |
| 245 ## - TITLE STATEMENT | |
| Title | Towards sustainable agricultural development / |
| Statement of responsibility, etc. | M.D. Young. |
| 260 ## - PUBLICATION, DISTRIBUTION, ETC. (IMPRINT) | |
| Place of publication, distribution, etc. | London ; New York : |
| Name of publisher, distributor, etc. | Belhaven Press, |
| Date of publication, distribution, etc. | 1991. |
| 300 ## - PHYSICAL DESCRIPTION | |
| Extent | viii, 346 p. : |
| Other physical details | ill. ; |
| Dimensions | 24 cm. |
| 504 ## - BIBLIOGRAPHY, ETC. NOTE | |
| Bibliography, etc | Includes bibliographical references and index. |
| 590 ## - Name of Cataloguer | |
| Name of Cataloger | Md. Sirajul Islam. |
| 650 ## - SUBJECT ADDED ENTRY--TOPICAL TERM | |
| Topical term or geographic name as entry element | Agricultural pollution |
| Geographic subdivision | --Europe. |
| 650 ## - SUBJECT ADDED ENTRY--TOPICAL TERM | |
| Topical term or geographic name as entry element | Agriculture and state- |
| Geographic subdivision | Europe. |
| 650 ## - SUBJECT ADDED ENTRY--TOPICAL TERM | |
| Topical term or geographic name as entry element | Environmental policy- |
| Geographic subdivision | -Europe. |
| 650 ## - SUBJECT ADDED ENTRY--TOPICAL TERM | |
| Topical term or geographic name as entry element | Agriculture and state- |
| Geographic subdivision | -United States. |
| 650 ## - SUBJECT ADDED ENTRY--TOPICAL TERM | |
| Topical term or geographic name as entry element | Environmental policy |
| Geographic subdivision | --United States. |
| 650 ## - SUBJECT ADDED ENTRY--TOPICAL TERM | |
| Topical term or geographic name as entry element | Agronomy. |
| 700 ## - ADDED ENTRY--PERSONAL NAME | |
| Personal name | Young, M. D. |
| 856 ## - ELECTRONIC LOCATION AND ACCESS | |
| Uniform Resource Identifier | <a href="https://books.google.com.bd/books?id=nzXbAAAAMAAJ&q=Towards+sustainable+agricultural+development&dq=Towards+sustainable+agricultural+development&hl=en&sa=X&ei=QyyqVIeNCIuluQTG14KYCg&ved=0CDYQ6AEwAg">https://books.google.com.bd/books?id=nzXbAAAAMAAJ&q=Towards+sustainable+agricultural+development&dq=Towards+sustainable+agricultural+development&hl=en&sa=X&ei=QyyqVIeNCIuluQTG14KYCg&ved=0CDYQ6AEwAg</a> |
| 856 ## - ELECTRONIC LOCATION AND ACCESS | |
| Uniform Resource Identifier | <a href="http://catalog.loc.gov/vwebv/holdingsInfo?searchId=14042&recCount=25&recPointer=2&bibId=610081">http://catalog.loc.gov/vwebv/holdingsInfo?searchId=14042&recCount=25&recPointer=2&bibId=610081</a> |
| 942 ## - ADDED ENTRY ELEMENTS (KOHA) | |
| Source of classification or shelving scheme | Dewey Decimal Classification |
| Koha item type | Book |
| Withdrawn status | Lost status | Source of classification or shelving scheme | Damaged status | Not for loan | Home library | Branch Name | Shelving location | Date acquired | Total Checkouts | Full call number | Barcode | Date last seen | Price effective from | Koha item type |
|---|---|---|---|---|---|---|---|---|---|---|---|---|---|---|
| Dewey Decimal Classification | SAU Library | SAU Library | General Stacks | 631.54 TOW | 23261 | 04/01/2015 | 04/01/2015 | Book | ||||||
| Dewey Decimal Classification | SAU Library | SAU Library | General Stacks | 13/06/1993 | 631.54 TOW | 23260 | 04/01/2015 | Book |
